The Testament (Record no. 324942)

000 -LEADER
fixed length control field 00339 a2200145 4500
001 - CONTROL NUMBER
control field 89869
003 - CONTROL NUMBER IDENTIFIER
control field NUST
082 ## - DEWEY DECIMAL CLASSIFICATION NUMBER
Classification number 813.54 GRI
100 ## - MAIN ENTRY--PERSONAL NAME
Personal name Grisham John
9 (RLIN) 9825
245 ## - TITLE STATEMENT
Title The Testament
Medium English
250 ## - EDITION STATEMENT
Edition statement Traveller,s Edition
260 ## - PUBLICATION, DISTRIBUTION, ETC.
Place of publication, distribution, etc. UK
Name of publisher, distributor, etc. C century Pub
Date of publication, distribution, etc. 1999
300 ## - PHYSICAL DESCRIPTION
Extent 435p.
500 ## - GENERAL NOTE
General note General Books
942 ## - ADDED ENTRY ELEMENTS (KOHA)
Institution code [OBSOLETE] CAE NUST
Koha item type Book
Call number prefix 813.54 GRI
Source of classification or shelving scheme
Holdings
Withdrawn status Lost status Damaged status Not for loan Collection code Permanent Location Current Location Date acquired Total Checkouts Full call number Barcode Date last seen Price effective from Koha item type
          College of Aeronautical Engineering (CAE) College of Aeronautical Engineering (CAE) 04/03/2017   813.54 GRI CAE86724 04/05/2017 04/05/2017 Book
© 2023 Central Library, National University of Sciences and Technology. All Rights Reserved.